000 00806cam a22002652 4500
001 15905
003 BD-RjUL
005 20211208235917.0
008 140211s1946 nyua 001 0 eng d
035 _a(BD-RjUL)15960
040 _aDLC
_cCarP
_dDLC
_d(BD-RjUL)
_beng
041 _aeng
082 0 0 _221
_a330.0151923
_bABF 1946
100 1 _aAbbott, Charles Cortez
_d1906-1986.
_949303
245 1 0 _aFinancing business during the transition /
_cby Charles C. Abbott
250 _a1st ed.
260 _aNew York ;
_aLondon :
_bMcGraw-Hill book company, inc.,
_c1946.
300 _axii, 141 p. :
_c23 cm.
_billus. ;
504 _aIncludes index
650 0 _aFinance
_zUnited States.
_949304
650 0 _aCredit
_zUnited States.
_97426
942 _2ddc
_cBK
999 _c15905
_d15905